000 00312 a2200109 4500
001 ART_59873
005 20260410161636.0
008 260409a
245 1 0 _aCómo fijar precios de venta con efectividad
100 1 _aSmolje, Alejandro R.
773 0 _tEnfoques
_g- N° 11 (nov. 2023)
_wREV416
999 _c12915
_d12915